Zákon o ochrane spotrebiteľa s komentárom

Úplné znenie zákona č. 634/1992 Zb. zo 16. decembra 1992 o ochrane spotrebiteľa v znení neskorších zákonov a zákona NR SR č. 137/1998 Z.z. s komentárom.

Salvato in:
Dettagli Bibliografici
Autore principale: Matulová, Mariana
Natura: Capitolo di libro
Lingua:slovacco
Soggetti:
Tags: Aggiungi Tag
Nessun Tag, puoi essere il primo ad aggiungerne!!

MARC

LEADER 00000naa a2200000 4500
001 r034017
005 20230919084204.0
041 0 |a slo 
044 |a SK 
245 1 0 |a Zákon o ochrane spotrebiteľa s komentárom  |c Mariana Matulová 
520 |a Úplné znenie zákona č. 634/1992 Zb. zo 16. decembra 1992 o ochrane spotrebiteľa v znení neskorších zákonov a zákona NR SR č. 137/1998 Z.z. s komentárom. 
610 2 0 |a ochrana spotrebiteľa 
610 2 0 |a zákony 
610 2 0 |a Slovensko 
610 2 0 |a komentáre 
610 2 0 |a 1992-1998 
100 1 |a Matulová, Mariana